[Event "Leipzig VfB op 18th"]
[Site "Leipzig"]
[Date "2011.03.25"]
[Round "6"]
[White "Link, Dietrich"]
[Black "Schmiedek, Jens"]
[Result "0-1"]
[WhiteElo "1499"]
[BlackElo "1800"]
[PlyCount "112"]
[EventDate "2011.03.20"]
[EventType "swiss"]
[EventRounds "9"]
[EventCountry "GER"]
[SourceTitle "CBM 141 Extra"]
[Source "ChessBase"]
[SourceDate "2011.05.03"]
[SourceVersion "1"]
[SourceVersionDate "2011.05.03"]
[SourceQuality "1"]

1. Nf3 c6 2. c4 d5 3. e3 Nf6 4. Nc3 a6 5. d4 e6 6. Qc2 Nbd7 7. Be2 Bd6 8. 0-0 0-0 9. e4 Nxe4 10. Nxe4 dxe4 11. Qxe4 Nf6 12. Qh4 Be7 13. Bd3 g6 14. Bg5 Re8 15. Rad1 Nd7 16. Qh6 Bxg5 17. Nxg5 Nf8 18. h4 Qf6 19. h5 Qg7 20. Qxg7+ Kxg7 21. h6+ Kxh6 22. Nxf7+ Kg7 23. Ne5 Nd7 24. f4 Nxe5 25. dxe5 Re7 26. Be4 Bd7 27. Rd6 Rf8 28. g3 Kf7 29. Kg2 Ke8 30. c5 g5 31. Rd3 gxf4 32. Rxf4 Rxf4 33. gxf4 Rg7+ 34. Kh3 Ke7 35. Bf3 Be8 36. Rb3 Kd8 37. Bg4 Re7 38. Rd3+ Rd7 39. Rd6 Bf7 40. Kh4 h6 41. Bh5 Rxd6 42. exd6 Bg8 43. Bg6 Kd7 44. f5 b6 45. b4 bxc5 46. bxc5 e5 47. f6 Bxa2 48. f7 Bxf7 49. Bxf7 a5 50. Kh5 e4 51. Kxh6 e3 52. Bc4 a4 53. Kg5 a3 54. Kf4 a2 55. Bxa2 e2 56. Be6+ Kd8 0-1

[Event "Leipzig VfB op 18th"]
[Site "Leipzig"]
[Date "2011.03.22"]
[Round "1"]
[White "Eidam, Horst"]
[Black "Link, Dietrich"]
[Result "1/2-1/2"]
[WhiteElo "1969"]
[BlackElo "1499"]
[PlyCount "74"]
[EventDate "2011.03.20"]
[EventType "swiss"]
[EventRounds "9"]
[EventCountry "GER"]
[SourceTitle "CBM 141 Extra"]
[Source "ChessBase"]
[SourceDate "2011.05.03"]
[SourceVersion "1"]
[SourceVersionDate "2011.05.03"]
[SourceQuality "1"]

1. c4 c5 2. Nc3 Nc6 3. g3 e6 4. e4 Nf6 5. Bg2 Be7 6. Nge2 0-0 7. 0-0 d6 8. a3 Nd4 9. f4 e5 10. d3 Bg4 11. h3 Bd7 12. g4 Ne8 13. Nd5 Bh4 14. Nxd4 cxd4 15. b4 b5 16. fxe5 dxe5 17. c5 Bc6 18. Bd2 Nc7 19. Nxc7 Qxc7 20. g5 f6 21. Qg4 Bxg5 22. Bxg5 Bd7 23. Qg3 fxg5 24. Qxg5 Rae8 25. Rxf8+ Rxf8 26. Rf1 Rxf1+ 27. Kxf1 Be6 28. Qh5 Qf7+ 29. Qxf7+ Kxf7 30. Kf2 g5 31. Kg3 h5 32. Bf3 h4+ 33. Kg2 Ke7 34. Bh5 Bb3 35. Kf2 Kd7 36. Bg4+ Kc6 37. Bf5 Bc2 1/2-1/2

[Event "Leipzig VfB op 12th"]
[Site "Leipzig"]
[Date "2005.03.03"]
[Round "4"]
[White "Saliu, Vigan"]
[Black "Link, Dietrich"]
[Result "0-1"]
[WhiteElo "1054"]
[BlackElo "1648"]
[PlyCount "148"]
[EventDate "2005.01.03"]
[EventType "swiss"]
[EventRounds "9"]
[EventCountry "GER"]
[SourceTitle "EXT 2008"]
[Source "ChessBase"]
[SourceDate "2007.11.25"]
[SourceVersion "1"]
[SourceVersionDate "2007.11.25"]
[SourceQuality "1"]

1. e4 c5 2. Nf3 d6 3. d4 cxd4 4. Nxd4 Nf6 5. Nc3 a6 6. Be2 Bd7 7. g4 Nc6 8. g5 Ng8 9. Be3 e6 10. h4 h5 11. Qd2 g6 12. 0-0-0 Bg7 13. Nxc6 Bxc6 14. Bf3 Qa5 15. Bd4 e5 16. Be3 0-0-0 17. Be2 Ne7 18. Nd5 Qxd2+ 19. Rxd2 Bxd5 20. exd5 Nf5 21. Bb6 Rd7 22. Bf1 Kb8 23. Bh3 Re7 24. Bxf5 gxf5 25. Rh3 Rc8 26. b3 f4 27. Rf3 Ree8 28. c4 Rg8 29. Rc2 Bf8 30. b4 Be7 31. Kd2 Bd8 32. Bxd8 Rgxd8 33. Kd3 b5 34. c5 dxc5 35. Ke4 Re8 36. bxc5 Kc7 37. Ra3 Ra8 38. Re2 a5 39. Kf5 b4 40. Rb3 Ra6 41. c6 Kd6 42. Rd3 Ra7 43. Rd1 Rae7 44. Rc2 Rc7 45. Ke4 Rb8 46. Rg1 b3 47. axb3 Rb4+ 48. Kf5 f3 49. Kf6 Rf4+ 50. Kg7 Rxh4 51. g6 fxg6+ 52. Kxg6 Rg4+ 53. Rxg4 hxg4 54. Kf5 e4 55. Kxe4 Re7+ 56. Kd3 Kc7 57. Rd2 Kd6 58. Kc2 Rf7 59. Rd1 Re7 60. Rd2 Rg7 61. Kd1 Rh7 62. Rd4 Rh1+ 63. Kd2 g3 64. fxg3 f2 65. Rf4 f1Q 66. Rxf1 Rxf1 67. Kc3 Rc1+ 68. Kb2 Rc5 69. Ka3 Rxd5 70. Ka4 Kxc6 71. g4 Kb6 72. Ka3 Kb5 73. Kb2 Kb4 74. Kc2 Rg5 0-1